Ciência a brincar (Registo nº 4306)

Detalhes MARC
000 -Etiqueta do registo
Cabeçalho 00858nam a2200301 4500
005 - Identificador da versão
Campo de controlo 20240813122057.0
010 ## - Número internacional normalizado dos livros (ISBN)
Número (ISBN) 9725300580
021 ## - Número do Depósito Legal
Código do país PT
Número 249782/06
100 ## - Dados gerais de processamento
Dados gerais de processamento 20081027d2006 a y0pory5003 ba
102 ## - Pais de publicação ou produção
País de publicação Portugal
101 0# - Língua de publicação
Língua do texto, banda sonora, etc. Português
106 ## - Campo de dados codificados: material textual
Dados codificados do material textual r
105 ## - Campo de dados codificados: livros
Dados codificados dos livros a z 000yy
215 ## - Descrição física 
Indicação específica da natureza do documento e extensão da espécie 63 p.
Outras indicações físicas il.
Dimensões 23 cm
Material acompanhante [1] f. desdobr.
200 1# - Titulo e menção de responsabilidade
Título próprio Ciência a brincar
Primeira menção de responsabilidade Constança Providência, Helena Alberto, Carlos Fiolhais
Outras menções de responsabilidade rev. Eda Lyra
205 ## - Menção da edição
Menção da edição 5a ed
210 ## - Publicação, Distribuição, etc. 
Lugar da edição, distribuição, etc. Lisboa
Nome do editor, distribuidor, etc. Bizâncio
Data da publicação, distribuição, etc. 2006
675 ## - Classificação Decimal Universal (CDU)
Notação 087.5
Edição BN
Língua da edição por
Notação 5/6(0.053.5)
Edição BN
Língua da edição por
702 #1 - Nome de autor-pessoa física (responsabilidade secundária)
Número de registo de entrada de autoridade 0001085
Palavra de ordem Lyra
Outra parte do nome não tomada para palavra de ordem Eda
Código de função Revisor
701 #1 - Nome de autor-pessoa física (co-responsabilidade principal)
Palavra de ordem Alberto
Outra parte do nome não tomada para palavra de ordem Helena
Código de função Autor / Co-autor
Palavra de ordem Fiolhais
Outra parte do nome não tomada para palavra de ordem Carlos
Datas 1956-
Código de função Autor / Co-autor
700 #1 - Nome de autor-pessoa física (responsabilidade principal)
Número de registo de entrada de autoridade 0001082
Palavra de ordem Providência
Outra parte do nome não tomada para palavra de ordem Constança
942 ## - Elementos de entrada adicionados (Koha)
Tipo de item no Koha Livro
Exemplares
Situação do levantamento Origin of item (home branch) (coded) Biblioteca de empréstimo Código de barras Cota Circulation type (not for loan) Tipo de documento Nota do exemplar Damaged status
  Biblioteca Escolar das Vendas Biblioteca Escolar das Vendas BEV895 5 PRO   Livro Sem mensagem  
  Biblioteca Escolar das Vendas Biblioteca Escolar das Vendas BEV1647 5 PRO   Livro Sem mensagem